[Event "Mechanics' Spring TNM; G/2"]
[Site "San Francisco"]
[Date "2015.04.07"]
[Round "4.16"]
[White "Gomboluudev, Enkhj"]
[Black "Abraham, Renjish"]
[Result "0-1"]
[WhiteElo "1400"]
[BlackElo "1837"]
[PlyCount "156"]
[EventDate "2015.??.??"]

1. e4 c5 2. Nf3 d6 3. d4 cxd4 4. Nxd4 Nf6 5. Nc3 a6 6. Bc4 e6 7. Bg5 Be7 8. Be3
O-O 9. O-O Qc7 10. Bd3 b5 11. f4 Bb7 12. a3 Nbd7 13. Re1 Nc5 14. Bf2 g6 15. Rc1
Rad8 16. Qf3 d5 17. exd5 Nxd5 18. Nxd5 Bxd5 19. Qe3 Qb8 20. Bf1 Ne4 21. Bd3
Nxf2 22. Qxf2 Bc5 23. c3 Rd6 24. Qe2 Qb6 25. Qe5 Ba8 26. Kf1 Bxd4 27. cxd4 Qxd4
28. Be4 Qxe5 29. fxe5 Rd2 30. Bxa8 Rxa8 31. Re2 Rd5 32. Kf2 a5 33. b4 axb4 34.
axb4 Ra4 35. Rb1 Rd4 36. Kf3 Rdxb4 37. Reb2 Rf4+ 38. Kg3 Rf5 39. Rxb5 Re4 40.
R1b3 Rexe5 41. Rxe5 Rxe5 42. h4 h5 43. Kf4 Rf5+ 44. Ke3 Kg7 45. Rb4 Kf6 46. g4
hxg4 47. Rxg4 Kg7 48. Ke4 Kh6 49. Ke3 Kh5 50. Re4 Rf1 51. Ke2 Rh1 52. Rf4 f5
53. Rf3 e5 54. Ke3 Rxh4 55. Ke2 Kg4 56. Rf2 Rh3 57. Rg2+ Rg3 58. Rxg3+ Kxg3 59.
Ke3 Kg2 60. Ke2 f4 61. Kd3 f3 62. Ke4 f2 63. Kxe5 f1=Q 64. Ke4 Qf6 65. Kd5 Qe7
66. Kd4 Qe6 67. Kd3 Qe5 68. Kc4 Qd6 69. Kc3 Qd5 70. Kc2 Qd4 71. Kb3 Qc5 72. Kb2
Qc4 73. Ka1 Qb4 74. Ka2 Kf2 75. Ka1 Ke2 76. Ka2 Kd2 77. Ka1 Kc2 78. Ka2 Qb2#
0-1

[Event "Mechanics' Leighton Allen TNM; G/2"]
[Site "San Francisco"]
[Date "2015.09.15"]
[Round "7.28"]
[White "Gomboluudev, Enkhj"]
[Black "Furukawa, Jon"]
[Result "1-0"]
[WhiteElo "1416"]
[BlackElo "1603"]
[PlyCount "57"]
[EventDate "2015.??.??"]

1. e4 c5 2. Nf3 d6 3. Bb5+ Bd7 4. Bxd7+ Nxd7 5. O-O Ngf6 6. Re1 g6 7. b3 Bg7 8.
Bb2 O-O 9. d3 b5 10. Nbd2 a5 11. a4 bxa4 12. bxa4 Qc7 13. Rb1 Rfb8 14. Nb3 Nb6
15. e5 Nfd5 16. exd6 Qxd6 17. Bxg7 Kxg7 18. Qd2 Nxa4 19. Nxa5 Rxb1 20. Rxb1
Ndc3 21. Rb3 Rxa5 22. Rxc3 Qa6 23. Ra3 Qb6 24. h4 Ra6 25. h5 Qd6 26. h6+ Kf8
27. Ng5 Kg8 28. Qc1 Qc6 29. Qf4 1-0

[Event "Mechanics' Spring TNM; G/2"]
[Site "San Francisco"]
[Date "2015.04.21"]
[Round "6.39"]
[White "Gomboluudev, Enkhj"]
[Black "Gupta, Vishrut"]
[Result "0-1"]
[WhiteElo "1400"]
[BlackElo "1547"]
[PlyCount "52"]
[EventDate "2015.??.??"]

1. e4 e5 2. Nf3 Nc6 3. Bc4 Bc5 4. d3 Nf6 5. Nc3 d6 6. h3 Be6 7. Bb3 Nd4 8. O-O
Qe7 9. Be3 Nxb3 10. axb3 Bb4 11. Rxa7 Rxa7 12. Bxa7 b6 13. Qa1 O-O 14. Qa6 Qd7
15. Qb7 Nh5 16. Ng5 Nf4 17. Nxe6 Qxe6 18. Kh2 g5 19. f3 h5 20. g4 Kg7 21. Qxc7
hxg4 22. hxg4 Qh6+ 23. Kg1 Qh3 24. Kf2 Qg2+ 25. Ke1 Bxc3+ 26. Qxc3 Qe2# 0-1

[Event "Mechanics' Summer TNM; G/2"]
[Site "San Francisco"]
[Date "2015.06.23"]
[Round "5.27"]
[White "Gomboluudev, Enkhjin"]
[Black "Campers Jr, Willie"]
[Result "1-0"]
[WhiteElo "1482"]
[BlackElo "1806"]
[PlyCount "29"]
[EventDate "2015.??.??"]

1. e4 e6 2. d4 d5 3. exd5 exd5 4. Be3 Nf6 5. Nf3 Nc6 6. Nbd2 Bd6 7. Bd3 Bg4 8.
h3 Bh5 9. c3 O-O 10. O-O Re8 11. Qb3 Rb8 12. Bg5 h6 13. Bxf6 Qxf6 14. Qxd5 Rbd8
$4 15. Qxh5 {and White went on to win.} 1-0

[Event "Mechanics' Summer TNM; G/2"]
[Site "San Francisco"]
[Date "2015.07.07"]
[Round "7.22"]
[White "Gomboluudev, Enkhjin"]
[Black "Cohee, James"]
[Result "0-1"]
[WhiteElo "1482"]
[BlackElo "1674"]
[PlyCount "76"]
[EventDate "2015.??.??"]

1. e4 e5 2. Nf3 Nc6 3. Bc4 Bc5 4. d3 Nf6 5. Nc3 h6 6. O-O O-O 7. h3 a6 8. Be3
d6 9. Bxc5 dxc5 10. Nd2 b5 11. Bb3 Nd4 12. Bd5 Nxd5 13. Nxd5 Bb7 14. Ne3 Qg5
15. c3 Ne6 16. Qg4 Rad8 17. Nf3 Qxg4 18. Nxg4 f6 19. Rad1 Nf4 20. Rfe1 Nxd3 21.
Re2 c4 22. Ne1 Nxe1 23. Rdxe1 Rd3 24. f3 Rfd8 25. Nf2 Rd2 26. Kh2 c5 27. Kg3 a5
28. Ng4 R8d3 29. Nh2 b4 30. cxb4 cxb4 31. Nf1 Rxe2 32. Rxe2 Ba6 33. Rc2 c3 34.
bxc3 Rxc3 35. Rxc3 bxc3 36. Ne3 Bd3 37. Kf2 c2 38. Nxc2 Bxc2 {
and Black went on to win.} 0-1

[Event "Mechanics' Summer TNM; G/2"]
[Site "San Francisco"]
[Date "2015.06.02"]
[Round "2.32"]
[White "Gomboluudev, Enkhjin"]
[Black "Dupree, Charles"]
[Result "0-1"]
[WhiteElo "1482"]
[BlackElo "1625"]
[PlyCount "116"]
[EventDate "2015.??.??"]

1. e4 c5 2. Nf3 e6 3. d4 cxd4 4. Nxd4 a6 5. Nc3 Qc7 6. Be2 Nf6 7. Qd3 Nc6 8.
O-O Bc5 9. Be3 Ne5 10. Qd2 Neg4 11. Bxg4 Nxg4 12. Nf3 Nxe3 13. fxe3 b5 14. e5
Bb7 15. Rad1 Rd8 16. Qf2 O-O 17. Rde1 Bxf3 18. Qxf3 Qxe5 19. Qf4 Qxf4 20. Rxf4
d5 21. Kf1 d4 22. exd4 Bxd4 23. Rf3 Rc8 24. Rd1 Bxc3 25. bxc3 Rc6 26. Rfd3 g6
27. Rb1 Rfc8 28. Rb3 Kg7 29. a3 Kf6 30. Kf2 e5 31. Rf3+ Ke6 32. g4 Rc4 33. h3
Rf4 34. Ke3 Rxf3+ 35. Kxf3 f5 36. Ke3 f4+ 37. Kd3 Kd5 38. Rb1 e4+ 39. Kd2 Kc4
40. Rb4+ Kd5 41. Rd4+ Ke5 42. h4 Rc6 43. Rb4 Rc4 44. Rxc4 bxc4 45. Ke2 h6 46.
a4 Kd5 47. Kf2 Kc5 48. Ke2 Kb6 49. Ke1 Ka5 50. Kd1 Kxa4 51. Kd2 Ka3 52. Ke2 Kb2
53. Kd2 a5 54. Kd1 a4 55. Kd2 a3 56. Kd1 a2 57. Kd2 a1=Q 58. Ke2 Kxc2 0-1

[Event "Mechanics' Winter TNM; 30/90, SD/30"]
[Site "San Francisco"]
[Date "2015.02.10"]
[Round "6.33"]
[White "Gomboluudev, Enkhjin"]
[Black "Ho, Steve"]
[Result "0-1"]
[WhiteElo "1432"]
[BlackElo "1636"]
[PlyCount "118"]
[EventDate "2015.??.??"]

1. e4 Nf6 2. e5 Nd5 3. d4 d6 4. exd6 cxd6 5. c3 g6 6. Bc4 Nf6 7. h3 Bg7 8. Nf3
O-O 9. O-O Nbd7 10. Be3 e5 11. dxe5 Nxe5 12. Nbd2 Qc7 13. Qe2 Nxc4 14. Nxc4 d5
15. Nce5 Re8 16. Bf4 Nd7 17. Nxd7 Rxe2 18. Bxc7 Bxd7 19. Rfd1 Rc8 20. Bf4 Rxb2
21. Rxd5 Be6 22. Ra5 a6 23. Nd4 Rxc3 24. Nxe6 fxe6 25. a4 Bd4 26. Rf1 Rc5 27.
Rxc5 Bxc5 28. a5 Kf7 29. Bg3 Rb5 30. Ra1 Rb2 31. Rf1 Ke7 32. Rd1 g5 33. h4 Rb3
34. Kh2 b5 35. axb6 Rxb6 36. hxg5 Bd6 37. Bxd6+ Rxd6 38. Ra1 e5 39. Kg1 Ke6 40.
Ra5 Kf5 41. Kf1 Re6 42. g3 Ke4 43. Ke2 Kd4 44. Kd2 Kc4 45. f4 Kb4 46. Rxe5 Rxe5
47. fxe5 Kc5 48. Ke3 Kd5 49. Kf4 Ke6 50. Kg4 a5 51. Kh5 a4 52. Kh6 a3 53. Kxh7
a2 54. g6 a1=Q 55. g7 Qh1+ 56. Kg6 Qe4+ 57. Kh6 Kf7 58. e6+ Qxe6+ 59. Kh7 Qh3#
0-1

[Event "Mechanics' Fall TNM; G/2"]
[Site "San Francisco"]
[Date "2015.11.17"]
[Round "5.33"]
[White "Gomboluudev, Enkhjin"]
[Black "Lagrotta, Daniel S"]
[Result "1-0"]
[WhiteElo "1416"]
[BlackElo "1669"]
[Annotator "Donaldson"]
[PlyCount "37"]
[EventDate "2015.??.??"]

1. e4 c5 2. Nf3 d6 3. d4 cxd4 4. Nxd4 Nf6 5. Nc3 a6 6. Be3 e5 7. Nb3 Be6 8. f3
Be7 9. Qd2 d5 10. exd5 Nxd5 11. O-O-O Nxe3 12. Qxe3 Qc7 13. Bd3 h6 14. Kb1 Nc6
15. Be4 O-O 16. h4 f5 $2 (16... Rfd8) 17. Bxc6 (17. Nd5) 17... f4 $4 {Diagram #
} (17... bxc6) 18. Nd5 $1 Qd8 19. Qxe5 1-0

[Event "Mechanics' Winter TNM; 30/90, SD/30"]
[Site "San Francisco"]
[Date "2015.02.24"]
[Round "8.36"]
[White "Gomboluudev, Enkhjin"]
[Black "Malykin, Erika"]
[Result "1-0"]
[WhiteElo "1432"]
[BlackElo "1525"]
[PlyCount "35"]
[EventDate "2015.??.??"]

1. e4 e6 2. d4 c5 3. Nf3 cxd4 4. Nxd4 Nc6 5. Nc3 Bc5 6. Be3 a6 7. Nxc6 bxc6 8.
Bxc5 Ne7 9. Bd3 d5 10. exd5 cxd5 11. Qf3 Ng6 12. Ne2 Rb8 13. Qe3 Qf6 14. c3 Ne5
15. Bd4 Nxd3+ 16. Qxd3 e5 17. Qe3 e4 18. Bxf6 1-0

[Event "Mechanics' Fall TNM; G/2"]
[Site "San Francisco"]
[Date "2015.10.27"]
[Round "2.13"]
[White "Gomboluudev, Enkhjin"]
[Black "Manvelyan, Hovik"]
[Result "1/2-1/2"]
[WhiteElo "1416"]
[BlackElo "2026"]
[PlyCount "107"]
[EventDate "2015.??.??"]

1. e4 g6 2. d4 d6 3. Nc3 c6 4. Bc4 Bg7 5. Nf3 h6 6. Be3 Bg4 7. h3 Bxf3 8. Qxf3
e6 9. O-O Qf6 10. Qxf6 Nxf6 11. d5 exd5 12. exd5 cxd5 13. Nxd5 Nxd5 14. Bxd5
Nc6 15. c3 O-O 16. Bf4 Ne5 17. Rad1 Rab8 18. Rd2 b5 19. Rfd1 g5 20. Bg3 a5 21.
Be4 f5 22. Bd5+ Kh7 23. f4 Ng6 24. fxg5 f4 25. gxh6 Bxh6 26. Bf2 f3 27. Rd3 Ne5
28. Be4+ Kg7 29. Rxd6 fxg2 30. Kxg2 Rf4 31. Bc2 Rf6 32. Bd4 Bf4 33. Bxe5 Bxe5
34. Rxf6 Kxf6 35. Rf1+ Ke6 36. Bb3+ Kd6 37. Rd1+ Ke7 38. Rd5 Kf6 39. Kf3 a4 40.
Bc2 b4 41. Bxa4 bxc3 42. bxc3 Bxc3 43. h4 Rb4 44. Bb5 Rxh4 45. a4 Ke6 46. Rd1
Rd4 47. Rxd4 Bxd4 48. a5 Kd5 49. a6 Ba7 50. Kf4 Kd6 51. Ke4 Kc7 52. Kd5 Kb8 53.
Kc6 Bg1 54. Bc4 1/2-1/2

[Event "Mechanics' Winter TNM; 30/90, SD/30"]
[Site "San Francisco"]
[Date "2015.01.20"]
[Round "3.35"]
[White "Gomboluudev, Enkhjin"]
[Black "McKellar, Daniel"]
[Result "1/2-1/2"]
[WhiteElo "1432"]
[BlackElo "1653"]
[Annotator "Donaldson"]
[PlyCount "77"]
[EventDate "2015.??.??"]

1. e4 e6 2. d4 d5 3. exd5 exd5 4. c3 Nf6 5. Bd3 g6 6. Bf4 Bg7 7. Nf3 O-O 8. h3
$6 (8. O-O) 8... Re8+ 9. Be3 b6 10. O-O Nbd7 11. Re1 Bb7 12. Nbd2 c5 13. dxc5
bxc5 14. Bb5 Qc7 15. Nb3 Rad8 16. Nxc5 Nxc5 17. Bxe8 Rxe8 18. Rc1 a5 19. c4 Qd6
20. cxd5 Ncd7 21. Bd2 Rxe1+ 22. Qxe1 Bxd5 23. b3 Ne4 24. Bxa5 Ndc5 25. Qe2 Qb8
26. Nd2 Bb7 27. Nxe4 Nxe4 28. Bc7 Qa7 29. a4 h5 30. a5 Bc3 31. Bb6 Qa8 32. f3
Ng3 33. Qf2 Be5 34. Rd1 Qa6 35. Rd8+ Kh7 36. Re8 Ne2+ 37. Kh1 Ng3+ 38. Kg1 Ne2+
39. Kh1 1/2-1/2

[Event "Mechanics' Winter TNM; 30/90, SD/30"]
[Site "San Francisco"]
[Date "2015.02.03"]
[Round "5.43"]
[White "Gomboluudev, Enkhjin"]
[Black "Olson, David"]
[Result "1-0"]
[WhiteElo "1432"]
[BlackElo "1400"]
[PlyCount "61"]
[EventDate "2015.??.??"]

1. e4 c5 2. Nf3 d6 3. d4 cxd4 4. Nxd4 Nc6 5. Nc3 a6 6. Bc4 Nxd4 7. Qxd4 Nf6 8.
Be3 Be6 9. Bxe6 fxe6 10. Rd1 Qc7 11. O-O Rc8 12. Ne2 e5 13. Qa4+ b5 14. Qxa6
Nxe4 15. Qxb5+ Qc6 16. Qxc6+ Rxc6 17. c3 e6 18. a4 Be7 19. a5 Kd7 20. Ra1 Rb8
21. Rfb1 Ra8 22. f3 Nc5 23. b4 Nb7 24. b5 Rc4 25. a6 Nc5 26. b6 Rxa6 27. b7
Nxb7 28. Rxa6 Nc5 29. Bxc5 Rxc5 30. Ra7+ Kc8 31. Rxe7 1-0

[Event "Mechanics' Fall TNM; G/2"]
[Site "San Francisco"]
[Date "2015.12.01"]
[Round "7.24"]
[White "Gomboluudev, Enkhjin"]
[Black "Sherwood, Peter"]
[Result "1-0"]
[WhiteElo "1416"]
[BlackElo "1633"]
[Annotator "Donaldson"]
[PlyCount "83"]
[EventDate "2015.??.??"]

1. e4 c5 2. Nf3 d6 3. d4 cxd4 4. Nxd4 Nf6 5. Nc3 a6 6. Be3 e5 7. Nb3 Be6 8. f3
Be7 9. Qd2 {Chess is a tough game, particularly so in that rules never seen to
cover every situation. 90 percent of the time Black does well to achieve ...d5
in the Sicilian, but this position is part of the other 10 percent. Black's
main tries are} d5 (9... h5) (9... O-O) (9... Nbd7) 10. exd5 Nxd5 11. Nxd5 Qxd5
12. Qxd5 Bxd5 13. O-O-O Be6 14. Kb1 $6 (14. Nc5 {and}) (14. Na5 {
are the tries for an advantage, trying to exploit Black's lack of development.}
) 14... Nd7 15. Bd3 (15. Na5 b5 16. Nc6 $14) 15... O-O 16. Be4 (16. Na5 $1)
16... Rab8 17. f4 $6 (17. Rhe1) 17... f5 $2 (17... Nf6) 18. Bd5 Kf7 19. fxe5
Bxd5 20. Rxd5 $18 Ke6 21. Rhd1 (21. c4 Nxe5 22. Nd4+ Kf6 23. Bf4 $18) 21...
Rbd8 22. Na5 $2 (22. Bf4 $18) 22... Nxe5 23. Rxd8 Rxd8 24. Rxd8 Bxd8 25. Nxb7
Be7 26. Nc5+ Bxc5 27. Bxc5 {
Black's active King provides compensation for the pawn.} g5 28. Kc1 Kd5 29. Be7
g4 30. Bg5 Ke4 31. Kd1 f4 32. Ke2 Nc4 33. b3 Ne3 34. c4 Nxg2 35. c5 Kd5 36. b4
h5 37. Kf2 Ne3 $2 (37... f3 $11) 38. Bxf4 Nc2 39. Bd2 a5 (39... h4) 40. bxa5
Kxc5 41. Kg3 Nd4 $4 (41... Kb5 42. Kh4 Nd4 43. Kxh5 Nf3 44. Bf4 Nxh2 {
draws as the bishop is of the wrong color.}) 42. Be3 1-0

[Event "Mechanics' Summer TNM; G/2"]
[Site "San Francisco"]
[Date "2015.07.07"]
[Round "7.8"]
[White "Gomez, David Flores"]
[Black "Grey, Peter G"]
[Result "1-0"]
[WhiteElo "1809"]
[BlackElo "2000"]
[Annotator "Donaldson"]
[PlyCount "47"]
[EventDate "2015.??.??"]

1. b3 e5 2. Bb2 Nc6 3. d3 Nf6 4. Nf3 d6 5. g3 Be7 6. Bg2 O-O 7. O-O Re8 8. Nbd2
Bf8 9. c4 d5 10. cxd5 Nxd5 11. a3 a5 12. Qc2 f6 13. Rac1 Be6 14. h4 Qd7 15. Ne4
Qf7 16. e3 Nb6 17. Nfd2 Red8 18. Nc4 Nxc4 19. dxc4 Rd7 20. Rcd1 Rad8 21. Rxd7
Qxd7 22. Nc3 Qd2 23. Rc1 Rd7 $4 (23... Qxc2 24. Rxc2 Bf5 25. Ne4 ({or} 25. Rc1
Rd2) 25... Rd3 {both leave Black with slightly the better of it.}) 24. Bd5 1-0

[Event "Mechanics' Summer TNM; G/2"]
[Site "San Francisco"]
[Date "2015.05.26"]
[Round "1.24"]
[White "Gomez, David Flores"]
[Black "Hilliard, Michael"]
[Result "1-0"]
[WhiteElo "1809"]
[BlackElo "1459"]
[Annotator "Donaldson"]
[PlyCount "63"]
[EventDate "2015.??.??"]

1. Nf3 d5 2. b3 c5 3. Bb2 Nc6 4. d3 e6 5. g3 Nf6 6. Bg2 Be7 7. Nbd2 O-O 8. O-O
b5 9. e4 d4 10. e5 Ng4 $2 (10... Nd5) 11. Nxd4 $1 Ngxe5 12. Nxc6 Nxc6 13. Bxc6
Rb8 14. Qe2 Bb7 15. Bxb5 Qd5 16. f3 Bd6 17. Bc4 Qc6 18. Be5 Rbd8 19. Bxd6 Rxd6
20. Rae1 Re8 21. a4 a6 22. Qe3 Rd4 23. Ne4 h6 24. c3 Rdd8 25. Qxc5 Qc8 26. Qxc8
Bxc8 27. d4 Re7 28. Nc5 a5 29. Re5 Rc7 30. Rfe1 Rd6 31. Kf2 Kf8 32. Ne4 1-0

[Event "Mechanics' Leighton Allen TNM; G/2"]
[Site "San Francisco"]
[Date "2015.09.08"]
[Round "6.24"]
[White "Gomez, David Flores"]
[Black "Koga, Micah Kamuel"]
[Result "1-0"]
[WhiteElo "1844"]
[BlackElo "1471"]
[Annotator "Donaldson"]
[PlyCount "69"]
[EventDate "2015.??.??"]

1. Nf3 d5 2. b3 Bf5 3. Bb2 c6 4. d3 Nd7 5. Nbd2 Ngf6 6. g3 e6 7. Bg2 Be7 8. O-O
(8. e4 $5 dxe4 9. dxe4 Nxe4 10. Bxg7 Rg8 11. Bb2) 8... O-O (8... h6 9. e4) 9.
Re1 (9. Nh4) 9... c5 10. c4 d4 11. Nh4 Rb8 12. Nxf5 exf5 13. e3 dxe3 14. Rxe3
Re8 15. Qf3 g6 16. Rae1 Bf8 17. Rxe8 Nxe8 18. Qe3 Nef6 19. Nf3 Qa5 20. Qd2 Qxa2
21. Qc3 Qa6 22. Ne5 Re8 23. Ra1 Qb6 24. Nxd7 Qe6 25. Nxf6+ Kg7 26. Nxe8+ Kh6
27. Qd2+ g5 28. h4 Qg6 29. Qe3 Kh5 30. Bf3+ g4 31. Nf6+ Qxf6 32. Bxf6 Bh6 33.
Bxg4+ fxg4 34. Qe4 a6 35. Qf5+ 1-0

[Event "Mechanics' Summer TNM; G/2"]
[Site "San Francisco"]
[Date "2015.06.23"]
[Round "5.7"]
[White "Gomez, David Flores"]
[Black "Manvelyan, Hovik"]
[Result "0-1"]
[WhiteElo "1809"]
[BlackElo "2015"]
[PlyCount "58"]
[EventDate "2015.??.??"]

1. g3 Nf6 2. Bg2 d6 3. e4 Nbd7 4. d4 e5 5. Ne2 Be7 6. Nbc3 O-O 7. O-O c6 8. a4
a5 9. h3 Qc7 10. f4 b6 11. fxe5 dxe5 12. dxe5 Nxe5 13. Kh1 Ba6 14. Bf4 Rad8 15.
Qc1 Nh5 16. Kh2 Nxf4 17. Nxf4 Bxf1 18. Qxf1 Rd2 19. Qc1 Rfd8 20. Ncd5 Nf3+ 21.
Kh1 cxd5 22. Bxf3 Rxc2 23. Qe3 Bg5 24. Rd1 Bxf4 25. gxf4 dxe4 26. Qxe4 Rc1 27.
Kg2 Rcxd1 28. Bxd1 Qd7 29. Bc2 Qd5 0-1

[Event "Mechanics' Leighton Allen TNM; G/2"]
[Site "San Francisco"]
[Date "2015.08.10"]
[Round "2.11"]
[White "Gomez, David Flores"]
[Black "Pan, Hongkai"]
[Result "0-1"]
[WhiteElo "1844"]
[BlackElo "2101"]
[PlyCount "82"]
[EventDate "2015.??.??"]

1. e4 e5 2. Nf3 Nc6 3. Bb5 a6 4. Ba4 Nf6 5. O-O Nxe4 6. d4 b5 7. Bb3 d5 8. dxe5
Be6 9. c3 Bc5 10. Nbd2 O-O 11. Bc2 Nxf2 12. Rxf2 f6 13. Nb3 Bxf2+ 14. Kxf2 fxe5
15. Kg1 Bg4 16. Bxh7+ Kxh7 17. Ng5+ Qxg5 18. Bxg5 Bxd1 19. Rxd1 Rf5 20. h4 d4
21. cxd4 Nxd4 22. Nxd4 Rxg5 23. Ne6 Rg4 24. Rd7 c6 25. Rc7 Rxh4 26. Rxg7+ Kh6
27. Rg3 Rc4 28. Ng5 Rf8 29. Kh2 Rh4+ 30. Kg1 e4 31. Ne6 Re8 32. Nd4 Rf4 33. Re3
c5 34. Ne2 Rg4 35. Kh2 Kg5 36. Nc3 Kf4 37. Nd5+ Ke5 38. Nc7 Rc8 39. Nxa6 Rg6
40. Rg3 Rxg3 41. Kxg3 e3 0-1

[Event "Mechanics' Leighton Allen TNM; G/2"]
[Site "San Francisco"]
[Date "2015.08.25"]
[Round "4.25"]
[White "Gomez, David Flores"]
[Black "Paquette, James"]
[Result "0-1"]
[WhiteElo "1844"]
[BlackElo "1471"]
[PlyCount "108"]
[EventDate "2015.??.??"]

1. e4 g6 2. Nf3 Bg7 3. Bc4 c5 4. O-O e6 5. Re1 Qc7 6. Nc3 a6 7. a4 Nf6 8. d3
O-O 9. Bg5 Nc6 10. Qd2 Nh5 11. h3 b6 12. Rab1 Bb7 13. g4 Nf6 14. Bh6 Ne5 15.
Nxe5 Qxe5 16. Bf4 Qd4 17. Ne2 Nxe4 18. Qe3 Qxe3 19. Bxe3 Nd6 20. Ba2 f5 21. Bf4
Nf7 22. gxf5 exf5 23. Ng3 Rae8 24. Bc7 Rxe1+ 25. Rxe1 Bxb2 26. Bxb6 Bd4 27. Re7
Bc6 28. a5 Kg7 29. Bc4 Kf6 30. Re1 Bb7 31. Ne2 Re8 32. Kf1 Nd6 33. Nxd4 Rxe1+
34. Kxe1 Nxc4 35. dxc4 cxd4 36. Bxd4+ Ke6 37. Ke2 f4 38. Bb6 Kf5 39. Bc7 g5 40.
c3 Bg2 41. h4 gxh4 42. f3 h3 43. Kf2 Bh1 44. Kg1 Bxf3 45. Bb6 Bg2 46. Bd4 Kg4
47. c5 Kg3 48. Bf2+ Kf3 49. Bd4 Ke2 50. Be5 f3 51. Bg3 h2+ 52. Kxh2 f2 53. Bxf2
Kxf2 54. c6 Bxc6 0-1

[Event "Mechanics' Leighton Allen TNM; G/2"]
[Site "San Francisco"]
[Date "2015.09.22"]
[Round "8.9"]
[White "Gomez, David Flores"]
[Black "Rosenthal, Edward"]
[Result "1/2-1/2"]
[WhiteElo "1844"]
[BlackElo "2098"]
[Annotator "Rosenthal, Ed"]
[PlyCount "130"]
[EventDate "2015.??.??"]

1. e4 c5 2. Nf3 Nc6 3. Bc4 e6 4. O-O d6 5. Re1 Nf6 6. Nc3 Be7 7. Bf1 a6 8. a4
e5 (8... Qb6) 9. h3 O-O 10. d3 Be6 11. Ne2 d5 12. Ng3 dxe4 (12... Qc7 13. Ng5
Bd7 14. c3 h6 15. Nf3 Be6 16. Nf5 Rfe8 17. exd5 Nxd5 18. Nxe7+ Rxe7 19. Qe2 Bf5
20. Nd2 Nf4 21. Qf3 Rd8 22. Ne4 b6 23. b3 Be6 24. Qg3 Bxb3 25. Nf6+ Kh8 {
[%eval -27,19] [%meval 17s] (0:00:17) 11...d5}) 13. Nxe4 Nxe4 14. Rxe4 f5 (
14... Qc7 15. Re1 Bd5 16. c3 Rad8 17. Qe2 Bd6 18. Bd2 f6 19. Be3 Ne7 20. Nd2
Nf5 21. Ne4 b6 22. Bd2 Qd7 23. Qg4 {
[%eval -38,18] [%meval 2s] (0:00:02) 14. Rxe4}) 15. Re1 Bf6 16. Be3 Qe7 17. Qe2
Rae8 (17... Bd5 18. c3 Rad8 19. Rad1 b6 20. Bd2 Qd6 21. c4 Bf7 22. Bc3 Rfe8 23.
Qd2 Nd4 24. Be2 h6 25. a5 Nb3 26. Qe3 bxa5 27. Nd2 {
[%eval -49,18] [%meval 13s] (0:00:13) 17.Qe2}) 18. c3 Bd5 19. Qd1 Kh8 (19...
Qd6 20. Be2 Rd8 21. Qc2 Rd7 22. Rad1 Qe7 23. Bf1 Rdd8 24. Be2 b6 25. Rb1 Qf7
26. b3 Rfe8 27. Ng5 Qg6 28. Nf3 f4 29. Bc1 e4 30. dxe4 Rxe4 31. Bxa6 Rxe1+ 32.
Nxe1 {[%eval -42,18] [%meval 17s] (0:00:17) 19.Qd1}) 20. Nd2 g5 21. Nb3 b6 22.
a5 Bxb3 (22... f4 23. Bc1 b5 24. Nd2 Rd8 25. Qg4 Qc7 26. c4 bxc4 27. dxc4 Bf7
28. Ne4 Qe7 29. Bd2 Nd4 30. Bc3 h5 31. Qd1 Bg7 32. Bd3 Kg8 33. Bxd4 Rxd4 34.
Qc2 Rfd8 35. Rad1 {[%eval -5,19] [%meval 18s] (0:00:18) 21...b6}) 23. Qxb3 f4
24. Bd2 b5 25. Be2 Qe6 26. Qd1 Rd8 27. Bg4 Qf7 28. Qe2 c4 (28... Qg6 29. Bf3
Qxd3 30. Bxc6 Qxd2 31. Qh5 Qd6 32. Be4 Qe7 33. Rad1 c4 34. Rxd8 Rxd8 35. Rd1
Rxd1+ 36. Qxd1 Qe6 37. Qh5 Qd7 38. Qh6 Qg7 39. Qxg7+ Kxg7 40. Bb7 b4 41. cxb4
Be7 42. b5 axb5 43. a6 Bc5 44. Bc6 b4 45. Be4 {
[%eval 15,19] [%meval 10s] (0:00:10) 28.Qe2}) 29. dxc4 bxc4 30. Red1 Rd6 31.
Be1 Rxd1 32. Qxd1 Rd8 33. Qa4 Qd5 34. Be2 Rb8 35. Bxc4 Qc5 36. b3 (36. Bxa6
Rxb2 37. Bd3 Na7 38. a6 Qc7 39. Rb1 Rxb1 40. Bxb1 Nc6 41. Qe4 Qd7 42. c4 Qc7
43. c5 Qd7 44. Qa4 Qc7 45. Qb3 Kg7 46. Qb7 Bd8 47. Be4 Na7 48. Qxc7+ Bxc7 49.
f3 Kf6 {[%eval 399,17] [%meval 12s] (0:00:12) 35...Qc5}) 36... e4 37. Qa3 Qe5
38. Rd1 Nxa5 39. Bd5 Qc7 40. c4 Nxb3 41. Qxa6 Rb6 (41... Kg7 42. Bxe4 Nc5 43.
Qc6 Qxc6 44. Bxc6 Rb2 45. Ba5 Rc2 46. Bd5 h6 47. Bb4 Na4 48. Be6 Be5 49. Rd7+
Kf6 50. Bg8 Rc1+ 51. Kh2 f3+ 52. g3 Nb6 53. Rf7+ Kg6 54. Bd2 Rxc4 55. Rxf3 {
[%eval 70,19] [%meval 11s] (0:00:11) 41.Qxa6}) 42. Qa4 Nc5 (42... Kg7 43. Qe8
Rb8 44. Qxe4 Nc5 45. Qf3 Rb3 46. Qg4 Rb8 47. h4 h6 48. Qf3 Qe7 49. Bd2 Rb3 50.
Qh5 Be5 51. hxg5 hxg5 52. Ba5 Qf6 53. Re1 Bc3 54. Bxc3 Rxc3 55. Re8 Rc1+ 56.
Kh2 {[%eval 117,18] (0:00:00) 42.Qa4}) 43. Qe8+ Kg7 44. Ba5 (44. Qg8+ Kh6 45.
Ba5 Bg7 46. Bxb6 Qxb6 47. Qf7 Qd6 48. Re1 {
[%eval 331,17] [%meval 4s] (0:00:04) 43...Kg7}) 44... Rb8 45. Bxc7 Rxe8 46. Bb6
Rc8 (46... Na4 47. Bc6 Re6 48. Bxa4 Rxb6 49. Rd7+ Kf8 50. Bb5 Be7 51. Kf1 Kf7
52. Ke2 Kf6 53. Rd4 {[%eval 0,20] [%meval 7s] (0:00:07) 46.Bb6} Ke5 54. Rd7 Kf6
55. Rd4 {[%eval 0,20] [%meval 7s] (0:00:07) 46.Bb6}) 47. Kf1 Na4 48. c5 Nxc5
49. Bxc5 Rxc5 50. Bxe4 Rc7 51. Rd3 Re7 52. Bf5 Be5 53. Rb3 Bf6 54. g3 fxg3 55.
Rxg3 Re5 56. Bd3 h6 57. f4 Rd5 58. fxg5 Rxg5 59. Rf3 Be5 60. Bf5 Rg3 61. Rf2
Bd4 62. Rf4 Be3 63. Rg4+ Rxg4 64. hxg4 Kf6 65. Ke2 Bg5 {
1/2-1/2 (65) Gomez-Rosenthal Mechanics 2015} 1/2-1/2

[Event "Mechanics' Summer TNM; G/2"]
[Site "San Francisco"]
[Date "2015.06.30"]
[Round "6.36"]
[White "Gorovich, Roman"]
[Black "Tergelsar, Enkh"]
[Result "1-0"]
[WhiteElo "1716"]
[BlackElo "513"]
[PlyCount "69"]
[EventDate "2015.??.??"]

1. d4 d5 2. c4 Be6 3. Nc3 c6 4. Qb3 b6 5. c5 Nd7 6. cxb6 Qxb6 7. Qd1 Bf5 8. e3
e5 9. dxe5 Nxe5 10. Nxd5 cxd5 11. Qxd5 Bb4+ 12. Bd2 Bxd2+ 13. Ke2 Rd8 14. Qxe5+
Ne7 15. b3 f6 16. Qf4 Qb5+ 17. Kf3 Qd5+ 18. Kg3 g5 19. Qd4 Qb7 20. Qxf6 Qc7+
21. f4 gxf4+ 22. Kh4 Ng6+ 23. Kg5 Rf8 24. Bb5+ Bd7 25. Qe6+ Ne7 26. Bxd7+ Rxd7
27. Nf3 Rf5+ 28. Kg4 fxe3 29. g3 h5+ 30. Kh3 Rxf3 31. Rhf1 Rd6 32. Qe4 Qd7+ 33.
Kg2 Re6 34. Qxf3 e2 35. Qf8# 1-0

[Event "Mechanics' Spring TNM; G/2"]
[Site "San Francisco"]
[Date "2015.03.31"]
[Round "3.17"]
[White "Gray, William"]
[Black "Bertot, German"]
[Result "1-0"]
[WhiteElo "2050"]
[BlackElo "1628"]
[PlyCount "53"]
[EventDate "2015.??.??"]

1. e4 e5 2. f4 exf4 3. Nf3 d6 4. d4 g5 5. g3 g4 6. Nh4 f3 7. Be3 Nf6 8. Nc3 Nc6
9. Qd2 Bg7 10. O-O-O Bd7 11. Kb1 h6 12. a3 h5 13. Bg5 Qc8 14. Bc4 Nh7 15. Be3
Ne7 16. Bh6 Bf6 17. e5 dxe5 18. Ne4 exd4 19. Nxf6+ Nxf6 20. Bg7 Be6 21. Bxh8
Ne4 22. Qxd4 Nxg3 23. Bxe6 fxe6 24. Rhe1 Ne2 25. Qc5 Nc6 26. Qxh5+ Ke7 27. Qh7+
1-0